[Event "FIDE World Bl Team Pool B"]
[Site "London ENG"]
[Date "2025.06.14"]
[Round "10.2"]
[White "Roberson, Peter T"]
[Black "Zhu, Pengxiao"]
[Result "1-0"]
[WhiteTitle "IM"]
[WhiteElo "2433"]
[BlackElo "1938"]
[WhiteTeam "Sharks 4NCL"]
[BlackTeam "UK Chess Challenge Masters"]
[WhiteFideId "412384"]
[BlackFideId "499307"]
[EventDate "2025.06.14"]
[EventType "team"]

1. Nc3 Nf6 2. d4 d5 3. Bf4 Bf5 4. e3 e6 5. Nf3 a6 6. Ne5 Bd6 7. Bd3 Bxd3 8. cxd3
Nbd7 9. O-O O-O 10. Rc1 Bxe5 11. dxe5 Ne8 12. d4 Rc8 13. Qb3 b6 14. e4 c5 15.
Rfd1 c4 16. Qc2 Nc7 17. exd5 exd5 18. Bg3 b5 19. f4 b4 20. Ne2 Nb6 21. f5 Nb5
22. Nf4 Qg5 23. e6 b3 24. axb3 cxb3 25. exf7+ Rxf7 26. Qxc8+ Nxc8 27. Rxc8+ 1-0

[Event "FIDE World Bl Team Pool B"]
[Site "London ENG"]
[Date "2025.06.14"]
[Round "10.3"]
[White "Sefton, Adam"]
[Black "Purton, Ben J"]
[Result "0-1"]
[BlackTitle "FM"]
[WhiteElo "2047"]
[BlackElo "2173"]
[WhiteTeam "UK Chess Challenge Masters"]
[BlackTeam "Sharks 4NCL"]
[WhiteFideId "343400965"]
[BlackFideId "411132"]
[EventDate "2025.06.14"]
[EventType "team"]

1. e4 d6 2. d4 Nf6 3. Nc3 c6 4. Be3 Ng4 5. Bf4 Qb6 6. Na4 Qa5+ 7. Nc3 e5 8. dxe5
Qb6 9. Bg3 Qxb2 10. Na4 Qa3 11. Be2 Nxe5 12. Bxe5 dxe5 13. c4 Bb4+ 14. Kf1 O-O
15. Nf3 f6 16. Rb1 Be7 17. Qc2 Nd7 18. h3 Rd8 19. Kg1 b6 20. Kh2 Nf8 21. Nc3 Ne6
22. Rb3 Qd6 23. Rd1 Qc7 24. Bd3 Ba6 25. g3 Nc5 26. Rbb1 Nxd3 27. Rxd3 Bxc4 28.
Rxd8+ Rxd8 29. Nd2 Bf7 30. Rd1 Qb7 31. Nb3 Qc8 32. Rd2 b5 33. a4 b4 34. Nb1 Rxd2
35. N1xd2 c5 36. Nc4 Qe6 37. Nca5 c4 38. Nd2 c3 39. Ndb3 Qb6 40. Qd3 Qxf2+ 41.
Kh1 Qe1+ 42. Kg2 g6 43. Nc6 Bf8 44. Nca5 Kg7 45. h4 h5 46. Qf3 Qb1 47. g4 hxg4
48. Qxg4 Bxb3 49. h5 Qc2+ 50. Kh3 Qd3+ 51. Kh2 Qd2+ 52. Kh3 Qe3+ 53. Kg2 Qg5 54.
Qxg5 fxg5 55. Nxb3 gxh5 56. a5 Kg6 57. Kf3 g4+ 58. Kg3 Kg5 59. a6 h4+ 60. Kf2
Kf4 61. Nc1 Kxe4 62. Ke2 h3 63. Kf2 c2 64. Kg3 Bh6 65. Nb3 c1=Q 66. Nxc1 Bxc1 0-1

[Event "FIDE World Bl Team Pool B"]
[Site "London ENG"]
[Date "2025.06.14"]
[Round "10.4"]
[White "Hryshchenko, Kamila"]
[Black "Yu, Rock"]
[Result "0-1"]
[WhiteTitle "WFM"]
[WhiteElo "2097"]
[BlackElo "2057"]
[WhiteTeam "Sharks 4NCL"]
[BlackTeam "UK Chess Challenge Masters"]
[WhiteFideId "14147491"]
[BlackFideId "489000"]
[EventDate "2025.06.14"]
[EventType "team"]

1. e4 e5 2. Nf3 Nf6 3. Nxe5 d5 4. d4 Nxe4 5. Bd3 Bd6 6. O-O O-O 7. Nc3 Nxc3 8.
bxc3 Nd7 9. f4 f5 10. c4 c6 11. cxd5 cxd5 12. c4 Bxe5 13. fxe5 dxc4 14. Bxc4+
Kh8 15. Be3 Nb6 16. Bb3 Nd5 17. Qf3 Be6 18. Rac1 Qd7 19. Rc5 Nxe3 20. Bxe6 Qxe6
21. Qxe3 Qxa2 22. Rc7 Rf7 23. Rxf7 Qxf7 24. e6 Qf6 25. e7 Re8 26. Re1 Kg8 27. d5
Kf7 28. Qb3 Qd6 29. Qxb7 Rxe7 30. Rxe7+ Qxe7 31. Qb3 Qc5+ 32. Kf1 Ke7 33. Ke2
Kd6 34. Qg3+ Kxd5 35. Qxg7 Qc2+ 36. Kf3 Qe4+ 37. Kf2 Qf4+ 38. Ke2 Qe4+ 39. Kf2
Qd4+ 40. Kf3 Qxg7 0-1

[Event "FIDE World Bl Team Pool B"]
[Site "London ENG"]
[Date "2025.06.14"]
[Round "10.5"]
[White "Longson, Sarah N"]
[Black "McCarthy, Kevin C"]
[Result "1/2-1/2"]
[WhiteTitle "WFM"]
[WhiteElo "1941"]
[BlackElo "1942"]
[WhiteTeam "UK Chess Challenge Masters"]
[BlackTeam "Sharks 4NCL"]
[WhiteFideId "2501465"]
[BlackFideId "470775"]
[EventDate "2025.06.14"]
[EventType "team"]

1. e4 d5 2. exd5 Qxd5 3. Nc3 Qa5 4. d4 Nf6 5. Nf3 Bg4 6. Bc4 e6 7. Bd2 Qb6 8.
O-O c6 9. Re1 Be7 10. h3 Bxf3 11. Qxf3 Qxd4 12. Bd3 O-O 13. Rad1 Qb6 14. Ne4
Nbd7 15. Bc3 Rad8 16. Nxf6+ Bxf6 17. Qe4 g6 18. Bxf6 Nxf6 19. Qh4 Kg7 20. b3 Rd5
21. Bc4 Rh5 22. Qg3 Rf5 23. Bd3 Rd5 1/2-1/2

[Event "FIDE World Bl Team Pool B"]
[Site "London ENG"]
[Date "2025.06.14"]
[Round "10.6"]
[White "Morea, Georgiana-Steluta"]
[Black "Veselow, Zoe"]
[Result "1-0"]
[WhiteElo "1920"]
[BlackElo "1761"]
[WhiteTeam "Sharks 4NCL"]
[BlackTeam "UK Chess Challenge Masters"]
[WhiteFideId "1204319"]
[BlackFideId "497657"]
[EventDate "2025.06.14"]
[EventType "team"]

1. c4 Nf6 2. Nc3 e6 3. d4 d5 4. Nf3 Be7 5. e3 Nbd7 6. Bd3 O-O 7. O-O b6 8. cxd5
exd5 9. a3 Bb7 10. b4 c5 11. dxc5 bxc5 12. bxc5 Nxc5 13. Bb2 a5 14. Bf5 a4 15.
Rb1 Bc6 16. Nd4 Bd7 17. Nce2 Bxf5 18. Nxf5 Nb3 19. Ned4 Nxd4 20. Bxd4 Bxa3 21.
Ra1 Bd6 22. Rxa4 Rxa4 23. Qxa4 Qc7 24. Bxf6 gxf6 25. Qg4+ Kh8 26. Qg7# 1-0

[Event "FIDE World Bl Team Pool B"]
[Site "London ENG"]
[Date "2025.06.14"]
[Round "10.1"]
[White "Rakotomaharo, Fy Antenaina"]
[Black "Gallana, Marco"]
[Result "1-0"]
[WhiteTitle "IM"]
[WhiteElo "2441"]
[BlackElo "2215"]
[WhiteTeam "Mother Continent"]
[BlackTeam "Hammersmith Chess Club"]
[WhiteFideId "13100050"]
[BlackFideId "824542"]
[EventDate "2025.06.14"]
[EventType "team"]

1. e4 c5 2. Nf3 Nc6 3. Bb5 e5 4. O-O Bd6 5. d4 Nxd4 6. Bc4 Nxf3+ 7. Qxf3 Nf6 8.
Rd1 Be7 9. Qg3 O-O 10. Qxe5 d6 11. Qf4 Be6 12. Na3 Nd7 13. Bxe6 fxe6 14. Qg4 Rf6
15. Nc4 b5 16. Ne3 Rg6 17. Qe2 a6 18. a4 c4 19. b3 cxb3 20. cxb3 Nc5 21. axb5
Nxb3 22. Rxa6 Rc8 23. Ba3 e5 24. Nf5 Bf8 25. h4 Nd4 26. Nxd4 exd4 27. Qh5 Qe8
28. Qd5+ Kh8 29. h5 Rg4 30. f3 Rh4 31. Ra7 Rxh5 32. Qxd4 Rg5 33. Bc1 Rg6 34. b6
d5 35. Qxd5 Bc5+ 36. Kf1 Bxb6 37. Rd7 Rf6 38. Bb2 Rg6 39. Qf7 Qxf7 40. Rxf7 h6
41. Rdd7 Rc2 42. Bxg7+ Kg8 43. Rf8+ 1-0

[Event "FIDE World Bl Team Pool B"]
[Site "London ENG"]
[Date "2025.06.14"]
[Round "10.2"]
[White "Villiers, Thomas"]
[Black "Mhango, Banele"]
[Result "0-1"]
[WhiteTitle "CM"]
[BlackTitle "FM"]
[WhiteElo "2158"]
[BlackElo "2236"]
[WhiteTeam "Hammersmith Chess Club"]
[BlackTeam "Mother Continent"]
[WhiteFideId "427209"]
[BlackFideId "14327040"]
[EventDate "2025.06.14"]
[EventType "team"]

1. e4 c5 2. Nf3 d6 3. d4 cxd4 4. Nxd4 Nf6 5. Nc3 a6 6. Bg5 e6 7. f4 Qc7 8. Qf3
Be7 9. O-O-O Nbd7 10. g4 h6 11. Bh4 g5 12. fxg5 Ne5 13. Qg3 Nfxg4 14. gxh6 Bxh4
15. Qxh4 Qe7 16. Qxe7+ Kxe7 17. Rd2 Bd7 18. Be2 Nf6 19. Nf3 Bc6 20. Nxe5 dxe5
21. Bd3 Rxh6 22. Rg1 Rh4 23. Rf2 Nxe4 24. Bxe4 Bxe4 25. Re1 Bc6 26. Rxe5 Rg8 27.
b3 Rh3 28. Kb2 Kd6 29. Ree2 f5 30. Rd2+ Ke7 31. Ne2 Be4 32. Ng3 Bc6 33. Rfe2 Kf6
34. Rd6 Re8 35. c4 f4 36. Nf1 f3 37. Rf2 Rg8 38. Ng3 Rg4 39. Rd3 Rf4 40. Kc3 e5
41. Rd6+ Ke7 42. Rd1 Ke6 43. Re1 Rfh4 44. Re3 Rxh2 45. Rfxf3 Bxf3 46. Rxf3 R4h3
47. Rd3 Rxa2 48. Ne4 Rxd3+ 49. Kxd3 b6 50. Kc3 Kf5 51. Nd6+ Kf4 52. Nc8 e4 53.
Nxb6 e3 54. Nd5+ Kf3 55. Nb4 Ra1 56. Nd3 Rd1 57. Ne5+ Ke4 58. Ng4 Rg1 59. Nxe3
Kxe3 60. b4 Ke4 61. b5 axb5 62. cxb5 Kd5 63. Kb4 Kd6 64. Ka5 Kc7 65. b6+ Kb7 66.
Kb5 Rg5+ 67. Kc4 Kxb6 68. Kd4 Rc5 0-1

[Event "FIDE World Bl Team Pool B"]
[Site "London ENG"]
[Date "2025.06.14"]
[Round "10.3"]
[White "George Samir, David"]
[Black "Hill, Alistair"]
[Result "1-0"]
[WhiteTitle "FM"]
[WhiteElo "2356"]
[BlackElo "2178"]
[WhiteTeam "Mother Continent"]
[BlackTeam "Hammersmith Chess Club"]
[WhiteFideId "10657789"]
[BlackFideId "432407"]
[EventDate "2025.06.14"]
[EventType "team"]

1. e4 c6 2. d4 d5 3. e5 c5 4. Nf3 cxd4 5. Nxd4 Nc6 6. Nxc6 bxc6 7. Nc3 Bf5 8.
Be2 e6 9. O-O Rb8 10. Kh1 Bb4 11. Bd2 Ne7 12. f4 Bxc3 13. Bxc3 Be4 14. Bd3 Bxd3
15. Qxd3 O-O 16. b4 Qc7 17. a3 Rfc8 18. Bd4 a5 19. c3 Qb7 20. Bc5 Ra8 21. g4
axb4 22. cxb4 Rd8 23. f5 d4 24. f6 Nd5 25. fxg7 Ne3 26. Rf3 Rd5 27. Rh3 f5 28.
exf6 1-0

[Event "FIDE World Bl Team Pool B"]
[Site "London ENG"]
[Date "2025.06.14"]
[Round "10.4"]
[White "Hanache, Kai"]
[Black "Wanyama, Harold"]
[Result "0-1"]
[BlackTitle "FM"]
[WhiteElo "2149"]
[BlackElo "2143"]
[WhiteTeam "Hammersmith Chess Club"]
[BlackTeam "Mother Continent"]
[WhiteFideId "490105"]
[BlackFideId "10000380"]
[EventDate "2025.06.14"]
[EventType "team"]

1. e4 c5 2. Nf3 e6 3. d4 cxd4 4. Nxd4 Nc6 5. Nb5 d6 6. c4 a6 7. N5c3 Nf6 8. Be2
Be7 9. O-O O-O 10. b3 Bd7 11. Bb2 Rc8 12. Na3 Re8 13. Nc2 Bf8 14. Re1 Qc7 15.
Qd2 Rcd8 16. Rad1 Qb8 17. Qg5 h6 18. Qg3 Ne5 19. a4 Bc6 20. Bf1 Ng6 21. Nd4 Bd7
22. Nf3 Nh5 23. Qg4 Ngf4 24. Nd2 e5 25. Qf3 Nf6 26. h3 g5 27. Nd5 N6xd5 28. exd5
Bg7 29. Qe3 f5 30. Qb6 Rc8 31. Ba3 Bf8 32. c5 Kh7 33. Nc4 dxc5 34. Rd2 Ng6 35.
Qf6 Bg7 36. Qd6 b6 37. Qxb6 e4 38. Qxb8 Rxb8 39. Rb1 Rec8 40. d6 Bd4 41. Kh2 0-1

[Event "FIDE World Bl Team Pool B"]
[Site "London ENG"]
[Date "2025.06.14"]
[Round "10.5"]
[White "QUICKPEN, Deborah Ebimobo-ere"]
[Black "Aryaman Ganguly"]
[Result "1-0"]
[WhiteTitle "WCM"]
[WhiteElo "2081"]
[BlackElo "1826"]
[WhiteTeam "Mother Continent"]
[BlackTeam "Hammersmith Chess Club"]
[WhiteFideId "8511616"]
[BlackFideId "25981226"]
[EventDate "2025.06.14"]
[EventType "team"]

1. e4 c5 2. Nf3 d6 3. d4 cxd4 4. Nxd4 Nf6 5. Nc3 g6 6. Be3 a6 7. Be2 Bg7 8. O-O
O-O 9. h3 b5 10. Bf3 Bb7 11. a4 b4 12. Nd5 a5 13. Qd2 Nbd7 14. Rad1 Ne5 15.
Nxf6+ Bxf6 16. Qe2 Bg7 17. b3 Nxf3+ 18. Qxf3 Bxd4 19. Bxd4 f5 20. Qe3 Bxe4 21.
Rd2 Qc7 22. f3 Bb7 23. Qe6+ Rf7 24. h4 Qc8 25. Qe3 Ra6 26. f4 Rc6 27. Rff2 Qe8
28. h5 e6 29. Qg3 Rd7 30. Rfe2 Qf7 31. Qg5 Rc8 32. Re3 Qe7 33. Bf6 Qf7 34. Rh3
Rf8 35. Bd4 Qe7 36. hxg6 Qxg5 37. gxh7+ Rxh7 38. fxg5 Rxh3 39. gxh3 Kf7 40. Bb6
Bd5 41. Bxa5 Rh8 42. Kh2 Rh4 43. Bb6 Kg6 44. Bc7 Re4 45. Bxd6 Kxg5 46. a5 Kg6
47. a6 Kf7 48. a7 Ke8 49. Rxd5 exd5 50. a8=Q+ 1-0

[Event "FIDE World Bl Team Pool B"]
[Site "London ENG"]
[Date "2025.06.14"]
[Round "10.6"]
[White "Cepoi, Gesneria-Codruta"]
[Black "Amoako Philip Selikem Yao"]
[Result "0-1"]
[WhiteElo "1598"]
[BlackElo "1948"]
[WhiteTeam "Hammersmith Chess Club"]
[BlackTeam "Mother Continent"]
[WhiteFideId "1285297"]
[BlackFideId "12602256"]
[EventDate "2025.06.14"]
[EventType "team"]

1. d4 d5 2. c4 e6 3. Nf3 Nf6 4. g3 Be7 5. Bg2 O-O 6. O-O c5 7. e3 Nc6 8. Nc3 a6
9. a4 Bd7 10. b3 Rc8 11. Ne5 h6 12. Bb2 cxd4 13. exd4 dxc4 14. bxc4 Be8 15. Ne2
Bd6 16. Nd3 Nb4 17. c5 Nxd3 18. Qxd3 Bxc5 19. Rfc1 Bd6 20. Bc3 b5 21. Rcb1 Nd5
22. Bd2 bxa4 23. Qxa6 Ra8 24. Qd3 Qe7 25. Ra2 Bd7 26. Rba1 a3 27. Nc3 Bc6 28.
Ne4 Nb4 29. Bxb4 Bxb4 30. Nd2 Bxg2 31. Kxg2 Rfb8 32. Nc4 Qb7+ 33. f3 Qa6 34. Qc2
Rc8 35. Qb3 Qxc4 36. Qb1 Bc3 37. h4 Bxa1 38. Qxa1 Rcb8 39. Kh3 Rb2 40. Rxb2 axb2
41. Qxa8+ Kh7 42. Qb7 Qc2 43. Qe4+ Qxe4 44. fxe4 b1=Q 45. d5 exd5 46. exd5 Qe4
47. d6 Qc6 48. d7 Qxd7+ 49. Kg2 Kg6 50. Kf3 Kf5 51. g4+ Ke5 52. h5 Qd3+ 53. Kg2
Kf4 54. Kg1 0-1

[Event "FIDE World Bl Team Pool B"]
[Site "London ENG"]
[Date "2025.06.14"]
[Round "10.1"]
[White "Turner, Matthew J"]
[Black "Rodshtein, Maxim"]
[Result "1/2-1/2"]
[WhiteTitle "GM"]
[BlackTitle "GM"]
[WhiteElo "2441"]
[BlackElo "2645"]
[WhiteTeam "Sassy Seniors"]
[BlackTeam "Rishon LeZion Chess Club"]
[WhiteFideId "402893"]
[BlackFideId "2806851"]
[EventDate "2025.06.14"]
[EventType "team"]

1. d4 Nf6 2. Nf3 e6 3. Bg5 h6 4. Bh4 d5 5. Nbd2 Nbd7 6. e3 c5 7. c3 Bd6 8. Bd3
O-O 9. O-O Qc7 10. Bg3 Bxg3 11. hxg3 e5 12. e4 dxe4 13. Nxe4 Nxe4 14. Bxe4 Nf6
15. Re1 exd4 16. cxd4 cxd4 17. Qxd4 Rd8 18. Qb4 a5 19. Qa3 Nxe4 20. Rxe4 Be6 21.
Rae1 Qb6 22. b3 Rac8 23. R4e2 Rc3 24. Qe7 Rdc8 25. Qh4 Rd3 26. Ne5 Rd4 27. Qe7
Qc7 28. Qxc7 Rxc7 29. Nf3 Rd3 30. Re5 b6 31. Rb5 Rd6 32. Rbe5 g6 33. Nh2 Rc2 34.
R5e2 Rxe2 35. Rxe2 Rd1+ 36. Nf1 Bf5 37. Rd2 Rc1 38. f3 Be6 39. Kf2 Kg7 40. Ne3
b5 41. g4 a4 42. bxa4 bxa4 43. Rd4 a3 44. Rd3 Bxa2 45. Rxa3 Be6 46. Kg3 Rc5 47.
Kf2 Rb5 48. Kg3 Rc5 49. Kf2 1/2-1/2

[Event "FIDE World Bl Team Pool B"]
[Site "London ENG"]
[Date "2025.06.14"]
[Round "10.2"]
[White "Steinberg, Nitzan"]
[Black "Dishman, Stephen"]
[Result "1-0"]
[WhiteTitle "GM"]
[BlackTitle "FM"]
[WhiteElo "2554"]
[BlackElo "2274"]
[WhiteTeam "Rishon LeZion Chess Club"]
[BlackTeam "Sassy Seniors"]
[WhiteFideId "2801795"]
[BlackFideId "403024"]
[EventDate "2025.06.14"]
[EventType "team"]

1. e4 c6 2. Nf3 d5 3. Nc3 dxe4 4. Nxe4 Nf6 5. Qe2 Nxe4 6. Qxe4 Nd7 7. d4 Nf6 8.
Qd3 g6 9. Be2 Bf5 10. Qb3 Qb6 11. c3 Nd5 12. O-O a5 13. Qd1 Bg7 14. Re1 O-O 15.
a4 Rad8 16. Bc4 Rfe8 17. Qe2 Qc7 18. Bg5 h6 19. Bh4 g5 20. Bg3 Nf4 21. Qe3 Bf6
22. Rad1 e6 23. h4 Kg7 24. Ne5 Bxe5 25. dxe5 Rxd1 26. Rxd1 Rd8 27. Re1 Qd7 28.
Bxf4 gxf4 29. Qxf4 Qd2 30. Qxd2 Rxd2 31. Re2 Rxe2 32. Bxe2 Bc2 33. f4 Bxa4 34.
Kf2 Bb3 35. Ke3 Kf8 36. g4 Ke7 37. h5 Bc2 38. Bf3 f6 39. Kd4 f5 40. g5 hxg5 41.
fxg5 b6 42. Bxc6 Bd1 43. h6 Kf7 44. Be8+ Kg8 45. g6 f4 46. Bf7+ 1-0

[Event "FIDE World Bl Team Pool B"]
[Site "London ENG"]
[Date "2025.06.14"]
[Round "10.3"]
[White "Vujatovic, Rajko"]
[Black "Sokolovsky, Yahli"]
[Result "0-1"]
[BlackTitle "GM"]
[WhiteElo "2222"]
[BlackElo "2542"]
[WhiteTeam "Sassy Seniors"]
[BlackTeam "Rishon LeZion Chess Club"]
[WhiteFideId "403393"]
[BlackFideId "2820242"]
[EventDate "2025.06.14"]
[EventType "team"]

1. e4 e5 2. Nf3 Nc6 3. Nc3 Nf6 4. d4 exd4 5. Nxd4 Bb4 6. Nxc6 bxc6 7. Bd3 d5 8.
exd5 O-O 9. O-O cxd5 10. h3 Rb8 11. Qf3 Rb6 12. Bf4 Bb7 13. Be5 Re8 14. Bxf6
Rxf6 15. Qg4 d4 16. Ne4 Rg6 17. Qf4 Bd6 18. Qf3 Qa8 19. Rfe1 Rge6 20. Nf6+ gxf6
21. Qg4+ Kf8 22. Rxe6 Rxe6 23. Bxh7 Be4 0-1

[Event "FIDE World Bl Team Pool B"]
[Site "London ENG"]
[Date "2025.06.14"]
[Round "10.4"]
[White "Bronstein, Or"]
[Black "Lishoy Gengis Paratazham, Dildarav"]
[Result "1-0"]
[WhiteTitle "IM"]
[WhiteElo "2443"]
[BlackElo "2084"]
[WhiteTeam "Rishon LeZion Chess Club"]
[BlackTeam "Sassy Seniors"]
[WhiteFideId "2815770"]
[BlackFideId "491462"]
[EventDate "2025.06.14"]
[EventType "team"]

1. d4 Nf6 2. c4 e6 3. Nf3 Bb4+ 4. Bd2 Be7 5. g3 O-O 6. Bg2 d5 7. O-O Nbd7 8. b4
c6 9. a4 Ne4 10. Qc2 Nxd2 11. Qxd2 dxc4 12. Qc3 a5 13. bxa5 Qxa5 14. Qxc4 Nf6
15. Nbd2 Bd7 16. Rfb1 b5 17. Qc2 bxa4 18. Nc4 Qc7 19. Nfe5 a3 20. Nb6 Rad8 21.
Nbxd7 Nxd7 22. Nxc6 Bd6 23. Rxa3 Kh8 24. Ra7 Qc8 25. Qa4 Rde8 26. Rbb7 Nb8 27.
Rxf7 Rxf7 28. Rxf7 Kg8 29. Ra7 Nxc6 30. Bxc6 Rf8 31. e3 Qb8 32. Rb7 Qc8 33. Qa7
Kh8 34. Rxg7 Qb8 35. Rxh7+ Kg8 36. Qg7# 1-0

[Event "FIDE World Bl Team Pool B"]
[Site "London ENG"]
[Date "2025.06.14"]
[Round "10.5"]
[White "Dishman, Matthew"]
[Black "Efroimski, Marsel"]
[Result "0-1"]
[BlackTitle "IM"]
[WhiteElo "1978"]
[BlackElo "2372"]
[WhiteTeam "Sassy Seniors"]
[BlackTeam "Rishon LeZion Chess Club"]
[WhiteFideId "438642"]
[BlackFideId "2810964"]
[EventDate "2025.06.14"]
[EventType "team"]

1. e4 c5 2. f4 d5 3. exd5 Nf6 4. Nf3 Nxd5 5. Nc3 Nxc3 6. dxc3 Qxd1+ 7. Kxd1 Nc6
8. Be3 b6 9. Bb5 Bd7 10. Ke2 a6 11. Bd3 e6 12. Rhd1 Be7 13. Kf2 b5 14. a4 b4 15.
cxb4 cxb4 16. Be4 Rc8 17. g3 Bf6 18. Nd4 Nxd4 19. Bxd4 Bxd4+ 20. Rxd4 a5 21. Ke3
f5 22. Bd3 Ke7 23. b3 Rc3 24. Rc4 Rc8 25. Rxc8 Bxc8 26. Kd4 Kd6 27. Re1 Bb7 28.
Re5 Bd5 29. Re2 g6 30. Re5 Rc5 31. Re1 Rc8 32. Re5 h6 33. h4 g5 34. hxg5 hxg5
35. Bxf5 gxf4 36. gxf4 Rf8 37. Be4 Rxf4 38. Ke3 Kxe5 0-1

[Event "FIDE World Bl Team Pool B"]
[Site "London ENG"]
[Date "2025.06.14"]
[Round "10.6"]
[White "Lapushnian, Eran"]
[Black "Regan, Natasha K"]
[Result "1-0"]
[BlackTitle "WIM"]
[WhiteElo "1993"]
[BlackElo "2064"]
[WhiteTeam "Rishon LeZion Chess Club"]
[BlackTeam "Sassy Seniors"]
[WhiteFideId "2811952"]
[BlackFideId "403067"]
[EventDate "2025.06.14"]
[EventType "team"]

1. e4 Nf6 2. e5 Nd5 3. d4 d6 4. c4 Nb6 5. f4 dxe5 6. fxe5 Nc6 7. Be3 Bf5 8. Nc3
e6 9. a3 Be7 10. Nf3 Bg4 11. Be2 Bxf3 12. gxf3 Bh4+ 13. Kf1 f6 14. f4 O-O 15.
Kg2 fxe5 16. dxe5 Qe8 17. Qc2 Rf5 18. Rhg1 Qf7 19. Kh1 Rxf4 20. Bxf4 Qxf4 21.
Raf1 Qxe5 22. Qe4 Qxe4+ 23. Nxe4 Nd4 24. Bd3 Rd8 25. Rg4 Nf5 26. Be2 Be7 27. Rc1
Ne3 28. Rg3 Nf5 29. Rg4 Ne3 30. Rg3 Nf5 31. Rgg1 c6 32. b4 Nd7 33. Rcd1 Ne3 34.
Rd2 Ne5 35. Rxd8+ Bxd8 36. Nc5 N5xc4 37. Nxe6 Bf6 38. Nc5 Ne5 39. Nxb7 Nf7 40.
Bc4 Kf8 41. Bxf7 Kxf7 42. Rc1 Nd5 43. Rxc6 Nc3 44. Nd6+ Kg6 45. Rc7 Ne2 46. Rxa7
Bb2 47. a4 Ba3 48. Rb7 Nc3 49. Nc4 Bc1 50. a5 Ne4 51. a6 1-0

[Event "FIDE World Bl Team Pool B"]
[Site "London ENG"]
[Date "2025.06.14"]
[Round "10.1"]
[White "O'Gorman, Tom"]
[Black "Adams, Michael"]
[Result "0-1"]
[WhiteTitle "IM"]
[BlackTitle "GM"]
[WhiteElo "2379"]
[BlackElo "2659"]
[WhiteTeam "Oxbridge"]
[BlackTeam "Malcolm's Mates"]
[WhiteFideId "2508249"]
[BlackFideId "400041"]
[EventDate "2025.06.14"]
[EventType "team"]

1. e4 e5 2. Nf3 Nc6 3. Bb5 a6 4. Ba4 Nf6 5. d3 Bc5 6. Bxc6 dxc6 7. O-O Nd7 8. c3
O-O 9. d4 Bd6 10. Nbd2 Re8 11. Re1 Bf8 12. Nc4 exd4 13. cxd4 Qf6 14. Qd3 c5 15.
e5 Qg6 16. Qxg6 hxg6 17. d5 b5 18. Na5 Nb6 19. e6 fxe6 20. dxe6 Bxe6 21. Bf4 Nd5
22. Bg3 c4 23. Nc6 Bd7 24. Nce5 Bf5 25. Nh4 Kh7 26. Rad1 Nf6 27. Nhf3 Bb4 28.
Re3 Bc5 29. Ree1 Bb4 30. Re3 Rad8 31. Rxd8 Rxd8 32. h3 Kg8 33. Kh2 Ne4 34. Nc6
Nxg3 35. fxg3 Bd2 36. Re2 Rd6 37. Ne7+ Kf7 38. Nxf5 gxf5 39. Nxd2 Kf6 40. Kg1
Rd3 41. Kf2 c3 42. bxc3 Rxc3 43. Nf3 c5 44. h4 b4 45. Ng5 Kg6 46. Re6+ Kh5 47.
Rxa6 Rc2+ 48. Kf3 Rc3+ 49. Kf4 g6 50. Ra8 Rc4+ 51. Kf3 Rc3+ 52. Kf2 Kg4 53. Nf3
Rc2+ 54. Ke3 Kxg3 55. Ne5 f4+ 56. Ke4 Re2+ 57. Kd5 Rxg2 58. Kxc5 f3 59. Nxf3
Kxf3 60. Kxb4 Rg4+ 61. Kc5 Rxh4 62. Rg8 Rh5+ 63. Kd4 g5 64. a4 g4 65. Rf8+ Kg2
66. Ra8 g3 67. a5 Kh1 68. Kc4 g2 0-1

[Event "FIDE World Bl Team Pool B"]
[Site "London ENG"]
[Date "2025.06.14"]
[Round "10.2"]
[White "Vitiugov, Nikita"]
[Black "Sivakumar, Ashvin"]
[Result "1/2-1/2"]
[WhiteTitle "GM"]
[BlackTitle "FM"]
[WhiteElo "2671"]
[BlackElo "2175"]
[WhiteTeam "Malcolm's Mates"]
[BlackTeam "Oxbridge"]
[WhiteFideId "4152956"]
[BlackFideId "5804655"]
[EventDate "2025.06.14"]
[EventType "team"]

1. e4 e5 2. Nf3 Nc6 3. Bb5 a6 4. Ba4 Nf6 5. Nc3 b5 6. Bb3 Be7 7. d3 d6 8. a4 Na5
9. axb5 Nxb3 10. cxb3 O-O 11. O-O Bb7 12. bxa6 Rxa6 13. Bg5 Qd7 14. Qc2 Rfa8 15.
Rxa6 Rxa6 16. b4 c6 17. Qb3 Rb6 18. Ra1 h6 19. Be3 Ra6 20. Ra3 Ng4 21. Bd2 Qe6
22. Qxe6 fxe6 23. Ne1 d5 24. Na4 Nf6 25. f3 Nd7 26. Kf1 Kf7 27. Ke2 Ke8 28. Nc2
Kd8 29. Bc3 Bd6 30. Nc5 Nxc5 31. bxc5 Bxc5 32. Rxa6 Bxa6 33. Bxe5 g6 34. g4 Kd7
35. h4 h5 36. gxh5 gxh5 37. Ne1 Be7 38. Ng2 c5 39. b3 Ke8 40. Bg3 c4 41. bxc4
dxc4 42. dxc4 Bxc4+ 43. Kd2 Bf8 44. Ke3 Bh6+ 45. Bf4 Bg7 46. Bg5 e5 47. Kd2 Kf7
48. Ne3 Be6 49. Nf5 Bf8 50. Kd3 Bd7 51. Kc4 Be6+ 52. Kd3 Bc8 53. Ke2 Bc5 54. Be3
Ba6+ 55. Kf2 Bf8 56. Bb6 Ke6 57. Bd8 Kf7 58. Ng3 Kg6 59. Bc7 Bg7 60. Nf5 Bf6 61.
Kg3 Be2 62. Nd6 Bh8 63. Nc8 Bf6 64. Nb6 Bb5 65. Nd5 Bg7 66. Bd8 Kf7 67. Bc7 Ke6
68. Bb8 Kf7 69. Ne3 Bf6 70. Nf5 Kg6 71. Nd6 Be2 72. Bc7 Bh8 73. Nb7 Bf6 74. Nc5
Bb5 75. Bd6 Kf7 76. Nb3 Kg6 77. Nd2 Kf7 78. Nb1 Bc4 79. Nc3 Ke6 80. Bc7 Be7 81.
Bb6 Bb4 82. Nd1 Be1+ 83. Bf2 Bd2 84. Nb2 Bb5 85. Nd1 Bc4 86. Be3 Be1+ 87. Bf2
Bd2 88. Be3 1/2-1/2

[Event "FIDE World Bl Team Pool B"]
[Site "London ENG"]
[Date "2025.06.14"]
[Round "10.3"]
[White "Goh, Jinghan Cameron"]
[Black "Saric, Ivan"]
[Result "0-1"]
[BlackTitle "GM"]
[WhiteElo "2178"]
[BlackElo "2661"]
[WhiteTeam "Oxbridge"]
[BlackTeam "Malcolm's Mates"]
[WhiteFideId "5804540"]
[BlackFideId "14508150"]
[EventDate "2025.06.14"]
[EventType "team"]

1. d4 d6 2. e4 Nf6 3. Nc3 g6 4. f4 Bg7 5. Nf3 O-O 6. Bd3 Nc6 7. e5 dxe5 8. dxe5
Nd5 9. Nxd5 Qxd5 10. Qe2 Bg4 11. O-O Nd4 12. Qe4 Nxf3+ 13. gxf3 Be6 14. Be3 Rfd8
15. Rfd1 c6 16. Qxd5 Bxd5 17. Be4 e6 18. Kf2 f6 19. Bd4 f5 20. Bxd5 cxd5 21. c3
Rdc8 22. Ke3 Kf7 23. a4 Bf8 24. h4 Be7 25. h5 gxh5 26. Rh1 h4 27. Rag1 a6 28. b4
a5 29. Bc5 Rxc5 30. bxc5 Bxc5+ 31. Kd3 Bxg1 32. Rxg1 Rc8 33. Rh1 Rc4 34. Rxh4
Kg6 35. Rh1 Rxf4 36. Rg1+ Kh5 37. Rg7 Rxf3+ 38. Kd4 Rf4+ 39. Kc5 Rc4+ 40. Kd6
Rc6+ 41. Kd7 f4 42. Ke7 Rc7+ 43. Kf6 Rxg7 44. Kxg7 Kg5 0-1